[Event "Cracovia Chess Festival A 2021"]
[Site "Cracow"]
[Date "2022.01.03"]
[Round "8.24"]
[White "Jaskolka, Tomasz"]
[Black "Kyc, Jerzy"]
[Result "1/2-1/2"]
[WhiteElo "2193"]
[BlackElo "2250"]
[Annotator "TA"]
[PlyCount "160"]
[EventDate "2021.12.27"]
[EventCountry "POL"]
[SourceTitle "playchess.com"]
[Source "ChessBase"]
[SourceQuality "1"]

{[%evp 16,160,14,8,18,8,41,37,34,31,48,18,12,16,12,0,0,0,-14,-245,-241,-261,-254,-242,-257,-258,-257,-256,-256,-252,-256,-239,-182,-265,-207,-337,-347,-358,-214,-207,-201,-214,-206,-216,-155,-129,-133,-188,-70,-71,-71,-71,-70,-70,-70,-70,-27,-34,-33,-34,-27,-27,-27,-27,0,0,0,0,0,0,0,0,0,0,0,0,0,0,0,-1,-1,-1,-1,-1,-2,-2,-2,-2,-2,-9,0,-15,0,0,0,-8,-8,-8,0,-7,-7,-8,-8,-8,-20,-28,0,0,0,0,0,0,0,0,0,0,0,0,0,0,0,0,0,0,0,0,0,0,0,0,0,0,0,0,0,0,0,0,0,0,0,0,0,0,0,0,0]} 1. d4 Nf6 2. c4 c5 3. d5 b5 4. cxb5 a6 5. bxa6 Bxa6 6. g3 d6 7. Bg2 g6 8. Bd2 Bg7 9. Bc3 O-O $1 {9...0-0 scores better than 9...Nbd7. A58: Benko/Volga Gambit: Lines with 5 bxa6.} 10. h4 {[#]} h5 $146 ({Predecessor:} 10... Nbd7 11. Nh3 Nb6 12. Nf4 Ra7 13. h5 Bb7 14. hxg6 hxg6 15. b3 Qa8 16. Qd2 e5 17. e4 exf4 18. Qxf4 Nbxd5 19. exd5 {0-1 (27) Praszak,M (2235)-Brzeski,M (2208) Polanica Zdroj 2008}) 11. Nh3 Nbd7 {[%cal Bb8d7,Bd7b6,Bb6a4,Ba4b2][%mdl 32] White is slightly better.} 12. O-O Qc7 13. Nd2 (13. Nf4 {feels hotter.} Ng4 14. Bxg7 Kxg7 15. Qc2 Nde5 16. Nd2) 13... Nb6 14. Nf4 Bb7 {[%cal Rf6d5]} 15. e4 Na4 $1 16. Bxf6 Bxf6 17. g4 $2 (17. Qc2 $11 {and White is okay.}) 17... Nxb2 $19 18. Qf3 Qa5 (18... Bxh4 19. gxh5 Bc8 20. Rab1 $14 (20. Rfb1 Na4 $11)) 19. Nb3 Qc3 20. gxh5 Qxf3 21. Bxf3 c4 ({Weaker is} 21... Bxh4 22. Rab1 Bf6 23. hxg6 $17) 22. Nc1 Ra3 (22... Bxh4 23. Rb1 c3 24. Nce2 $19) 23. Be2 gxh5 24. Rb1 (24. Nxh5 {was worth a try.} Bxh4 25. Rb1) 24... c3 25. Nfd3 (25. Nxh5 $142 Bxh4 26. Kg2) 25... Ba6 26. e5 Bxe5 ({Inferior is} 26... Bxh4 27. Nxb2 cxb2 28. Rxb2 $17) (26... dxe5 $142 27. Nc5 Bc8) 27. Nxe5 dxe5 28. Bxa6 Rxa6 29. Ne2 Nc4 ({And not} 29... Rxa2 30. Nxc3 Ra3 31. Rxb2 $15) 30. Rb4 Rg6+ (30... Rxa2 $2 31. Nxc3 Rc2 32. Rxc4 $18) 31. Kh1 (31. Kh2 $17 {was necessary.} Rc8 32. Rc1) 31... Nb6 (31... Nd2 $19 32. Rc1 f5) 32. Nxc3 $15 {[#]} Rc8 $1 33. Rg1 Rxg1+ 34. Kxg1 {[%cal Oa2a4]} Rxc3 35. Rxb6 $17 {[%mdl 4096] Endgame KR-KR} Rc4 (35... Rd3 $15) 36. Rb7 $11 Kf8 37. Rb8+ Kg7 38. Rb7 Rg4+ 39. Kf1 Ra4 40. Rxe7 Kf6 41. Re8 Rxh4 42. Rh8 Ke7 43. Rh7 Kf6 44. d6 Kg6 45. Rh8 Rd4 46. Rd8 Kf5 47. d7 f6 48. Rh8 Rxd7 {And now ...Kg5 would win.} 49. Rxh5+ Kg4 50. Rh6 Rd6 51. Rg6+ Kf4 52. Kg2 e4 53. Rg3 Rd2 54. Ra3 f5 55. Kf1 Rb2 56. Ke1 Kg4 57. Rg3+ Kh4 58. Ra3 f4 {[#] ...Kg4 is the strong threat.} 59. Ra4 Kg4 {White must now prevent ...Kf3.} 60. Rxe4 Kf3 (60... Rxa2 $5 {[%cal Rg4f3]} 61. Re7 Kf3 $17) 61. Ra4 $1 {The position is equal.} Re2+ 62. Kd1 {[%cal Oa4f4]} Rxf2 63. Ra8 Re2 64. a4 {[%cal Ba2a4,Ba4a5,Ba5a6,Ba6a7][%mdl 32]} Ra2 {Hoping for ...Ke3.} 65. a5 Kg2 66. a6 f3 {aiming for ...Ra1+.} 67. a7 {Rg8+ would kill now.} Ra1+ (67... f2 $5 68. Rg8+ Kh2 $11) 68. Kd2 {White wants to mate with Rg8+.} Kf2 (68... f2 $5 69. Rg8+ Kh3 $11) 69. Kc2 Ra3 70. Kb2 Ra6 71. Kb3 Rb6+ 72. Kc4 Rb7 73. Kc5 Rf7 74. Kb6 Rf6+ 75. Ka5 {White threatens Rg8 and mate.} Rf7 76. Kb6 Kf1 77. Rc8 Rxa7 $1 78. Kxa7 f2 79. Rf8 Ke1 80. Rxf2 Kxf2 {And White is the lucky defender.  Weighted Error Value: White=0.16 (very precise) /Black=0.13 (very precise)} 1/2-1/2

[Event "Cracovia Chess Festival A 2021"]
[Site "Cracow"]
[Date "2022.01.03"]
[Round "8.25"]
[White "Krawczyk, Flawian"]
[Black "Dev, Shah"]
[Result "0-1"]
[WhiteElo "2114"]
[BlackElo "2243"]
[Annotator "ChessBase"]
[PlyCount "90"]
[EventDate "2021.12.27"]
[EventCountry "POL"]
[SourceTitle "playchess.com"]
[Source "ChessBase"]
[SourceQuality "1"]
[TimeControl "40/5400+30:1800+30"]

1. e4 {[%emt 0:00:07]} e5 {[%emt 0:00:07]} 2. Nf3 {[%emt 0:00:05]} Nc6 {[%emt 0:00:05]} 3. Bb5 {[%emt 0:00:03]} a6 {[%emt 0:00:07]} 4. Ba4 {[%emt 0:00:02]} Nf6 {[%emt 0:00:07]} 5. d3 {[%emt 0:00:03]} b5 {[%emt 0:00:09]} 6. Bb3 {[%emt 0:00:01]} Bc5 {[%emt 0:00:09]} 7. Nc3 {[%emt 0:00:05]} d6 {[%emt 0:00:06]} 8. Nd5 {[%emt 0:00:04]} h6 {[%emt 0:00:06]} 9. c3 {[%emt 0:00:03]} Be6 {[%emt 0:01:00]} 10. O-O {[%emt 0:00:22]} Bxd5 {[%emt 0:00:10]} 11. exd5 {[%emt 0:00:05]} Ne7 {[%emt 0:00:10]} 12. d4 {[%emt 0:00:08]} exd4 {[%emt 0:00:11]} 13. Nxd4 {[%emt 0:00:53]} Qd7 {[%emt 0:00:26]} 14. Re1 {[%emt 0:05:54]} O-O {[%emt 0:01:27]} 15. Qf3 {[%emt 0:01:23]} Bxd4 {[%emt 0:05:47]} 16. cxd4 {[%emt 0:01:10]} Nf5 {[%emt 0:04:58]} 17. Qd3 {[%emt 0:02:07]} Rae8 {[%emt 0:01:56]} 18. Bd2 {[%emt 0:00:12]} Re7 {[%emt 0:20:03]} 19. Bc2 {[%emt 0:29:23]} g6 {[%emt 0:11:32]} 20. Rxe7 {[%emt 0:21:36]} Qxe7 {[%emt 0:03:46]} 21. Re1 {[%emt 0:00:15]} Qd7 {[%emt 0:03:34]} 22. Qf3 {[%emt 0:03:58]} Kg7 {[%emt 0:02:47]} 23. Be3 {[%emt 0:07:32]} Re8 {[%emt 0:06:10]} 24. Qh3 {[%emt 0:02:07]} h5 {[%emt 0:02:08]} 25. g3 {[%emt 0:10:00]} Ng4 {[%emt 0:03:16]} 26. Bxf5 {[%emt 0:00:50]} Qxf5 {[%emt 0:00:07]} 27. Qg2 {[%emt 0:01:39]} Kg8 {[%emt 0:01:51]} 28. Rc1 {[%emt 0:03:44]} Nxe3 {[%emt 0:00:21]} 29. fxe3 {[%emt 0:00:12]} Rxe3 {[%emt 0:00:06]} 30. Rf1 {[%emt 0:00:52]} Qe4 {[%emt 0:06:31]} 31. Qf2 {[%emt 0:00:26]} f5 {[%emt 0:00:32]} 32. Qf4 {[%emt 0:01:46]} Qxf4 {[%emt 0:01:14]} 33. gxf4 {[%emt 0:00:02]} Re4 {[%emt 0:03:02]} 34. Rc1 {[%emt 0:00:03]} Rxf4 {[%emt 0:00:08]} 35. Rxc7 {[%emt 0:00:24]} Rxd4 {[%emt 0:00:07]} 36. Kf2 {[%emt 0:00:05]} g5 {[%emt 0:00:22]} 37. Ke3 {[%emt 0:00:15]} Rxd5 {[%emt 0:00:07]} 38. h4 {[%emt 0:00:04]} f4+ {[%emt 0:00:44]} 39. Kf3 {[%emt 0:00:04]} Rd3+ {[%emt 0:00:05]} 40. Ke4 {[%emt 0:00:00]} Re3+ {[%emt 0:00:00]} 41. Kf5 {[%emt 0:00:08]} gxh4 {[%emt 0:04:02]} 42. Kf6 {[%emt 0:00:41]} Rg3 {[%emt 0:00:55]} 43. Rc8+ {[%emt 0:00:21]} Kh7 {[%emt 0:00:00]} 44. Rc7+ {[%emt 0:00:10]} Kh8 {[%emt 0:01:04]} 45. Rc8+ {[%emt 0:00:06]} Rg8 {[%emt 0:00:05]} 0-1

[Event "Cracovia Chess Festival A 2021"]
[Site "Cracow"]
[Date "2022.01.03"]
[Round "8.26"]
[White "Salna, Aleksandras"]
[Black "Barath Kalyan M"]
[Result "0-1"]
[WhiteElo "2227"]
[BlackElo "2103"]
[Annotator "ChessBase"]
[PlyCount "130"]
[EventDate "2021.12.27"]
[EventCountry "POL"]
[SourceTitle "playchess.com"]
[Source "ChessBase"]
[SourceQuality "1"]
[TimeControl "40/5400+30:1800+30"]

1. d4 {[%emt 0:00:02]} Nf6 {[%emt 0:11:29]} 2. c4 {[%emt 0:00:26]} e6 {[%emt 0:00:06]} 3. Nf3 {[%emt 0:00:14]} Bb4+ {[%emt 0:00:06]} 4. Bd2 {[%emt 0:00:06]} Qe7 {[%emt 0:00:06]} 5. Nc3 {[%emt 0:01:45]} O-O {[%emt 0:01:30]} 6. g3 {[%emt 0:00:23]} d6 {[%emt 0:01:06]} 7. Bg2 {[%emt 0:00:36]} Bxc3 {[%emt 0:00:44]} 8. Bxc3 {[%emt 0:00:08]} Ne4 {[%emt 0:00:05]} 9. Rc1 {[%emt 0:00:59]} Nxc3 {[%emt 0:01:36]} 10. Rxc3 {[%emt 0:00:09]} a5 {[%emt 0:00:23]} 11. O-O {[%emt 0:03:57]} Nd7 {[%emt 0:00:49]} 12. Qc2 {[%emt 0:07:15]} e5 {[%emt 0:01:33]} 13. c5 {[%emt 0:04:46]} e4 {[%emt 0:17:43]} 14. Nd2 {[%emt 0:02:11]} d5 {[%emt 0:03:06]} 15. c6 {[%emt 0:02:15]} bxc6 {[%emt 0:00:57]} 16. Rxc6 {[%emt 0:03:16]} e3 {[%emt 0:03:44]} 17. Nf3 {[%emt 0:01:29]} Ba6 {[%emt 0:10:55]} 18. Bh3 {[%emt 0:06:58]} Nf6 {[%emt 0:13:07]} 19. Rxc7 {[%emt 0:13:11]} exf2+ {[%emt 0:04:56]} 20. Rxf2 {[%emt 0:00:42]} Qe3 {[%emt 0:00:06]} 21. Qd2 {[%emt 0:02:01]} Qxf2+ {[%emt 0:00:17]} 22. Kxf2 {[%emt 0:00:07]} Ne4+ {[%emt 0:00:04]} 23. Ke1 {[%emt 0:00:08]} Nxd2 {[%emt 0:00:10]} 24. Kxd2 {[%emt 0:00:04]} Rfe8 {[%emt 0:01:26]} 25. e3 {[%emt 0:00:21]} Rab8 {[%emt 0:00:45]} 26. b3 {[%emt 0:00:54]} a4 {[%emt 0:01:09]} 27. Rc3 {[%emt 0:01:54]} axb3 {[%emt 0:02:08]} 28. axb3 {[%emt 0:00:03]} f6 {[%emt 0:02:03]} 29. Ne1 {[%emt 0:00:33]} Bc8 {[%emt 0:01:00]} 30. Bg2 {[%emt 0:00:47]} Be6 {[%emt 0:00:07]} 31. Nd3 {[%emt 0:00:17]} Bf7 {[%emt 0:04:24]} 32. b4 {[%emt 0:08:44]} Re7 {[%emt 0:00:19]} 33. Rb3 {[%emt 0:02:25]} Ra7 {[%emt 0:01:59]} 34. Rb2 {[%emt 0:01:27]} Kf8 {[%emt 0:02:43]} 35. Nc5 {[%emt 0:02:46]} Ke7 {[%emt 0:00:22]} 36. Bf1 {[%emt 0:01:22]} Kd6 {[%emt 0:00:50]} 37. Ba6 {[%emt 0:01:03]} Rb6 {[%emt 0:01:15]} 38. b5 {[%emt 0:02:55]} Be8 {[%emt 0:02:48]} 39. Kc3 {[%emt 0:00:13]} Re7 {[%emt 0:03:10]} 40. Kb4 {[%emt 0:00:00]} Rxe3 {[%emt 0:00:00]} 41. Nb7+ {[%emt 0:07:55]} Kc7 {[%emt 0:01:58]} 42. Rc2+ {[%emt 0:04:19]} Kb8 {[%emt 0:00:11]} 43. Nd8 {[%emt 0:05:39]} Bd7 {[%emt 0:02:56]} 44. Ka5 {[%emt 0:01:56]} Rd6 {[%emt 0:03:43]} 45. Nb7 {[%emt 0:00:40]} Ra3+ {[%emt 0:02:32]} 46. Kb4 {[%emt 0:00:06]} Rdxa6 {[%emt 0:03:41]} 47. bxa6 {[%emt 0:00:08]} Ra4+ {[%emt 0:00:08]} 48. Kb3 {[%emt 0:05:10]} Rxd4 {[%emt 0:00:11]} 49. Nc5 {[%emt 0:00:09]} Bc8 {[%emt 0:00:28]} 50. Re2 {[%emt 0:01:46]} Rc4 {[%emt 0:00:14]} 51. Na4 {[%emt 0:00:48]} Bxa6 {[%emt 0:00:53]} 52. Re8+ {[%emt 0:04:43]} Rc8 {[%emt 0:00:36]} 53. Re6 {[%emt 0:00:42]} Bb7 {[%emt 0:05:46]} 54. Kb4 {[%emt 0:01:49]} Rd8 {[%emt 0:05:38]} 55. Kc3 {[%emt 0:02:00]} d4+ {[%emt 0:00:23]} 56. Kd3 {[%emt 0:00:47]} Bc8 {[%emt 0:00:05]} 57. Rb6+ {[%emt 0:04:02]} Kc7 {[%emt 0:00:07]} 58. Rb4 {[%emt 0:00:18]} Bf5+ {[%emt 0:00:25]} 59. Kd2 {[%emt 0:00:05]} d3 {[%emt 0:01:10]} 60. g4 {[%emt 0:00:17]} Bg6 {[%emt 0:00:25]} 61. Nc5 {[%emt 0:01:23]} Re8 {[%emt 0:01:14]} 62. h4 {[%emt 0:01:52]} Re2+ {[%emt 0:01:29]} 63. Kd1 {[%emt 0:00:20]} Kc6 {[%emt 0:02:20]} 64. Nb3 {[%emt 0:00:08]} Rg2 {[%emt 0:04:00]} 65. Nc1 {[%emt 0:09:12]} Rxg4 {[%emt 0:01:12]} 0-1

[Event "Cracovia Chess Festival A 2021"]
[Site "Cracow"]
[Date "2022.01.03"]
[Round "8.27"]
[White "Redzisz, Michal"]
[Black "Luberanski, Jakub"]
[Result "1/2-1/2"]
[WhiteElo "2261"]
[BlackElo "2166"]
[Annotator "ChessBase"]
[PlyCount "91"]
[EventDate "2021.12.27"]
[EventCountry "POL"]
[SourceTitle "playchess.com"]
[Source "ChessBase"]
[SourceQuality "1"]
[TimeControl "40/5400+30:1800+30"]

1. d4 {[%emt 0:00:21]} Nf6 {[%emt 0:00:04]} 2. c4 {[%emt 0:00:02]} e6 {[%emt 0:00:04]} 3. Nc3 {[%emt 0:01:52]} Bb4 {[%emt 0:00:06]} 4. e3 {[%emt 0:01:30]} O-O {[%emt 0:00:06]} 5. Nge2 {[%emt 0:00:54]} d5 {[%emt 0:00:21]} 6. a3 {[%emt 0:00:05]} Be7 {[%emt 0:00:17]} 7. cxd5 {[%emt 0:00:02]} exd5 {[%emt 0:00:05]} 8. Nf4 {[%emt 0:00:02]} c6 {[%emt 0:01:34]} 9. Bd3 {[%emt 0:00:06]} Re8 {[%emt 0:01:52]} 10. O-O {[%emt 0:00:05]} Nbd7 {[%emt 0:00:06]} 11. f3 {[%emt 0:00:02]} Nf8 {[%emt 0:00:06]} 12. Bc2 {[%emt 0:00:02]} Ne6 {[%emt 0:01:46]} 13. e4 {[%emt 0:00:01]} dxe4 {[%emt 0:00:47]} 14. Nxe6 {[%emt 0:00:02]} Bxe6 {[%emt 0:00:07]} 15. fxe4 {[%emt 0:00:02]} c5 {[%emt 0:02:43]} 16. d5 {[%emt 0:20:51]} Bg4 {[%emt 0:00:08]} 17. Qd3 {[%emt 0:00:32]} Bd6 {[%emt 0:22:00]} 18. Bf4 {[%emt 0:16:28]} Bh5 {[%emt 0:25:43]} 19. Qg3 {[%emt 0:21:10]} Bxf4 {[%emt 0:00:41]} 20. Qxf4 {[%emt 0:00:03]} Qe7 {[%emt 0:05:10]} 21. Ba4 {[%emt 0:14:45]} Red8 {[%emt 0:06:41]} 22. h3 {[%emt 0:00:06]} a6 {[%emt 0:09:57]} 23. Bc2 {[%emt 0:05:38]} Re8 {[%emt 0:02:15]} 24. a4 {[%emt 0:00:19]} Bg6 {[%emt 0:00:59]} 25. Rfe1 {[%emt 0:01:26]} Qe5 {[%emt 0:01:50]} 26. Qf2 {[%emt 0:01:59]} Nd7 {[%emt 0:03:57]} 27. a5 {[%emt 0:01:45]} b5 {[%emt 0:01:20]} 28. axb6 {[%emt 0:00:13]} Nxb6 {[%emt 0:00:03]} 29. Qxc5 {[%emt 0:00:40]} Rab8 {[%emt 0:00:06]} 30. Bd3 {[%emt 0:04:52]} Rec8 {[%emt 0:00:14]} 31. Qf2 {[%emt 0:00:17]} Nc4 {[%emt 0:01:33]} 32. Bxc4 {[%emt 0:00:43]} Rxc4 {[%emt 0:00:04]} 33. Rxa6 {[%emt 0:03:23]} Rcb4 {[%emt 0:00:23]} 34. d6 {[%emt 0:01:26]} h6 {[%emt 0:01:29]} 35. d7 {[%emt 0:01:42]} Rd4 {[%emt 0:02:20]} 36. Ra5 {[%emt 0:00:02]} Qd6 {[%emt 0:01:05]} 37. Nb5 {[%emt 0:02:06]} Rxb5 {[%emt 0:00:21]} 38. Rxb5 {[%emt 0:00:39]} Qxd7 {[%emt 0:00:03]} 39. Rb8+ {[%emt 0:01:36]} Kh7 {[%emt 0:00:05]} 40. Rb7 {[%emt 0:00:00]} Qd8 {[%emt 0:00:00]} 41. Rb3 {[%emt 0:18:05]} Bxe4 {[%emt 0:06:01]} 42. Rbe3 {[%emt 0:07:36]} f5 {[%emt 0:00:28]} 43. R3e2 {[%emt 0:03:15]} Qd6 {[%emt 0:02:06]} 44. Qe3 {[%emt 0:01:41]} Rd3 {[%emt 0:01:41]} 45. Qa7 {[%emt 0:01:28]} Qg6 {[%emt 0:00:45]} 46. Kf1 {[%emt 0:00:33]} 1/2-1/2

[Event "Cracovia Chess Festival A 2021"]
[Site "Cracow"]
[Date "2022.01.03"]
[Round "8.28"]
[White "Kopylov, Michael"]
[Black "Luba, Lukasz"]
[Result "1-0"]
[WhiteElo "2391"]
[BlackElo "2135"]
[Annotator "ChessBase"]
[PlyCount "61"]
[EventDate "2021.12.27"]
[EventCountry "POL"]
[SourceTitle "playchess.com"]
[Source "ChessBase"]
[SourceQuality "1"]
[TimeControl "40/5400+30:1800+30"]

1. d4 {[%emt 0:00:29]} Nf6 {[%emt 0:13:09]} 2. c4 {[%emt 0:00:09]} d6 {[%emt 0:00:30]} 3. Nf3 {[%emt 0:01:34]} h6 {[%emt 0:00:13]} 4. Nc3 {[%emt 0:01:20]} Nc6 {[%emt 0:00:09]} 5. g3 {[%emt 0:01:25]} Bf5 {[%emt 0:01:42]} 6. d5 {[%emt 0:03:07]} Nb8 {[%emt 0:00:28]} 7. Bg2 {[%emt 0:03:19]} Qc8 {[%emt 0:00:01]} 8. O-O {[%emt 0:00:39]} Bh3 {[%emt 0:00:06]} 9. e4 {[%emt 0:00:36]} Bxg2 {[%emt 0:02:39]} 10. Kxg2 {[%emt 0:00:33]} Nbd7 {[%emt 0:00:05]} 11. Re1 {[%emt 0:01:03]} Ne5 {[%emt 0:00:10]} 12. Nxe5 {[%emt 0:09:00]} dxe5 13. f4 {[%emt 0:00:10]} Nd7 {[%emt 0:07:24]} 14. fxe5 {[%emt 0:01:31]} Nxe5 {[%emt 0:01:01]} 15. Qd4 {[%emt 0:04:50]} f6 {[%emt 0:02:13]} 16. Bf4 {[%emt 0:01:37]} c5 {[%emt 0:13:53]} 17. Qd1 {[%emt 0:03:30]} h5 {[%emt 0:05:23]} 18. Bxe5 {[%emt 0:03:29]} fxe5 {[%emt 0:00:08]} 19. Rf1 {[%emt 0:00:59]} h4 {[%emt 0:06:40]} 20. Qf3 {[%emt 0:01:07]} hxg3 {[%emt 0:00:41]} 21. Qf7+ {[%emt 0:00:25]} Kd7 {[%emt 0:00:44]} 22. hxg3 {[%emt 0:01:55]} Kc7 {[%emt 0:04:42]} 23. d6+ {[%emt 0:15:55]} Kb6 {[%emt 0:00:47]} 24. Nd5+ {[%emt 0:01:18]} Ka5 {[%emt 0:00:22]} 25. Rh1 {[%emt 0:12:13]} Rxh1 {[%emt 0:09:14]} 26. Rxh1 {[%emt 0:00:05]} e6 {[%emt 0:01:59]} 27. Nc7 {[%emt 0:04:43]} Bxd6 {[%emt 0:00:08]} 28. Nxa8 {[%emt 0:00:34]} Qxa8 {[%emt 0:00:12]} 29. Qd7 {[%emt 0:00:51]} a6 {[%emt 0:00:21]} 30. Qxd6 {[%emt 0:00:10]} b5 {[%emt 0:00:04]} 31. Qxe5 {[%emt 0:01:19]} 1-0

[Event "Cracovia Chess Festival A 2021"]
[Site "Cracow"]
[Date "2022.01.03"]
[Round "8.29"]
[White "Lisowski, Krzysztof"]
[Black "Czernek, Tymon"]
[Result "0-1"]
[WhiteElo "2142"]
[BlackElo "2224"]
[Annotator "ChessBase"]
[PlyCount "104"]
[EventDate "2021.12.27"]
[EventCountry "POL"]
[SourceTitle "playchess.com"]
[Source "ChessBase"]
[SourceQuality "1"]
[TimeControl "40/5400+30:1800+30"]

1. e4 {[%emt 0:00:03]} c5 {[%emt 0:00:03]} 2. d3 {[%emt 0:00:28]} Nc6 {[%emt 0:00:06]} 3. Be2 {[%emt 0:00:49]} g6 {[%emt 0:00:05]} 4. f4 {[%emt 0:00:12]} Bg7 {[%emt 0:00:03]} 5. Nf3 {[%emt 0:00:41]} e6 {[%emt 0:00:02]} 6. c3 {[%emt 0:04:10]} Nge7 {[%emt 0:00:31]} 7. O-O {[%emt 0:03:32]} O-O {[%emt 0:00:05]} 8. Be3 {[%emt 0:06:08]} b6 {[%emt 0:00:02]} 9. Na3 {[%emt 0:01:02]} f5 {[%emt 0:06:26]} 10. e5 {[%emt 0:11:33]} Nd5 {[%emt 0:00:35]} 11. Qd2 {[%emt 0:12:03]} d6 {[%emt 0:08:41]} 12. d4 {[%emt 0:05:42]} cxd4 {[%emt 0:02:41]} 13. cxd4 {[%emt 0:00:18]} dxe5 {[%emt 0:00:30]} 14. dxe5 {[%emt 0:00:18]} Re8 {[%emt 0:08:34]} 15. Bf2 {[%emt 0:16:39]} Bh6 {[%emt 0:05:36]} 16. g3 {[%emt 0:06:35]} Bb7 {[%emt 0:02:15]} 17. Rfd1 {[%emt 0:01:23]} Qe7 {[%emt 0:07:21]} 18. Nb5 {[%emt 0:11:26]} Red8 {[%emt 0:00:52]} 19. Nbd4 {[%emt 0:07:04]} Nxd4 {[%emt 0:02:43]} 20. Bxd4 {[%emt 0:00:12]} Rac8 {[%emt 0:02:02]} 21. a3 {[%emt 0:01:09]} Rc7 {[%emt 0:04:32]} 22. h4 {[%emt 0:01:42]} Rcd7 {[%emt 0:10:41]} 23. Ng5 {[%emt 0:00:07]} Bxg5 {[%emt 0:01:52]} 24. hxg5 {[%emt 0:00:06]} Nc7 {[%emt 0:00:22]} 25. Qe3 {[%emt 0:02:46]} h6 {[%emt 0:01:21]} 26. gxh6 {[%emt 0:05:38]} Qh7 {[%emt 0:00:01]} 27. Bc3 {[%emt 0:01:12]} Qxh6 {[%emt 0:04:25]} 28. Rxd7 {[%emt 0:00:34]} Qh1+ {[%emt 0:00:20]} 29. Kf2 {[%emt 0:00:04]} Qh2+ {[%emt 0:00:02]} 30. Ke1 {[%emt 0:00:09]} Rxd7 {[%emt 0:00:04]} 31. Qf2 {[%emt 0:00:38]} Qh1+ {[%emt 0:02:57]} 32. Qf1 {[%emt 0:00:07]} Qe4 {[%emt 0:00:06]} 33. Rd1 {[%emt 0:00:46]} Rxd1+ {[%emt 0:01:33]} 34. Kxd1 {[%emt 0:00:04]} Nd5 {[%emt 0:00:06]} 35. Qf2 {[%emt 0:01:29]} Nxc3+ {[%emt 0:00:36]} 36. bxc3 {[%emt 0:00:05]} Qb1+ {[%emt 0:00:04]} 37. Kd2 {[%emt 0:00:06]} Qb2+ {[%emt 0:00:03]} 38. Kd1 {[%emt 0:01:39]} Qxc3 {[%emt 0:00:17]} 39. Qe1 {[%emt 0:00:31]} Qxa3 {[%emt 0:01:15]} 40. Qd2 {[%emt 0:00:00]} Bd5 {[%emt 0:00:00]} 41. Bd3 {[%emt 0:04:32]} Qa1+ {[%emt 0:02:06]} 42. Ke2 {[%emt 0:03:46]} a5 {[%emt 0:00:27]} 43. Qc2 {[%emt 0:02:58]} Qa2 {[%emt 0:00:02]} 44. Qxa2 {[%emt 0:00:20]} Bxa2 {[%emt 0:00:02]} 45. Bb5 {[%emt 0:00:14]} Kf7 {[%emt 0:01:13]} 46. Kd2 {[%emt 0:01:26]} g5 {[%emt 0:00:13]} 47. Kc3 {[%emt 0:00:40]} gxf4 {[%emt 0:01:07]} 48. gxf4 {[%emt 0:00:07]} Bd5 {[%emt 0:00:05]} 49. Kd4 {[%emt 0:05:51]} Ke7 {[%emt 0:00:15]} 50. Kc3 {[%emt 0:02:02]} Kd8 {[%emt 0:00:03]} 51. Kd4 {[%emt 0:01:16]} Kc7 {[%emt 0:00:04]} 52. Kc3 {[%emt 0:00:34]} Bc6 {[%emt 0:00:10]} 0-1

[Event "Cracovia Chess Festival A 2021"]
[Site "Cracow"]
[Date "2022.01.03"]
[Round "8.30"]
[White "Kolasinski, Krzysztof"]
[Black "Maj, Pawel"]
[Result "0-1"]
[WhiteElo "2114"]
[BlackElo "2145"]
[Annotator "ChessBase"]
[PlyCount "140"]
[EventDate "2021.12.27"]
[EventCountry "POL"]
[SourceTitle "playchess.com"]
[Source "ChessBase"]
[SourceQuality "1"]
[TimeControl "40/5400+30:1800+30"]

1. d4 {[%emt 0:00:14]} Nf6 {[%emt 0:00:05]} 2. c4 {[%emt 0:00:11]} g6 {[%emt 0:00:06]} 3. Nc3 {[%emt 0:00:12]} d5 {[%emt 0:00:06]} 4. cxd5 {[%emt 0:00:42]} Nxd5 {[%emt 0:00:05]} 5. Na4 {[%emt 0:00:13]} Bg7 {[%emt 0:00:49]} 6. e4 {[%emt 0:00:19]} Nb6 {[%emt 0:01:50]} 7. Be3 {[%emt 0:00:15]} O-O {[%emt 0:04:10]} 8. Nf3 {[%emt 0:00:07]} N8d7 {[%emt 0:20:47]} 9. Be2 {[%emt 0:00:57]} Nxa4 {[%emt 0:01:53]} 10. Qxa4 {[%emt 0:00:02]} c5 {[%emt 0:00:19]} 11. O-O {[%emt 0:02:22]} cxd4 {[%emt 0:01:13]} 12. Bxd4 {[%emt 0:00:15]} Nb6 {[%emt 0:02:00]} 13. Qb4 {[%emt 0:10:01]} Bxd4 {[%emt 0:01:33]} 14. Nxd4 {[%emt 0:01:38]} a5 {[%emt 0:02:28]} 15. Qc3 {[%emt 0:04:11]} Na4 {[%emt 0:04:43]} 16. Qe3 {[%emt 0:00:28]} Qb6 {[%emt 0:13:37]} 17. b3 {[%emt 0:02:07]} e5 {[%emt 0:00:48]} 18. bxa4 {[%emt 0:10:20]} exd4 {[%emt 0:04:15]} 19. Qd2 {[%emt 0:01:00]} Rd8 {[%emt 0:02:16]} 20. Rab1 {[%emt 0:00:34]} Qc6 {[%emt 0:01:23]} 21. Rfc1 {[%emt 0:07:43]} Qxe4 {[%emt 0:01:45]} 22. Bf3 {[%emt 0:06:05]} Qe5 {[%emt 0:00:37]} 23. Rb5 {[%emt 0:00:16]} Qf6 {[%emt 0:04:52]} 24. Rxa5 {[%emt 0:13:56]} Rxa5 {[%emt 0:00:32]} 25. Qxa5 {[%emt 0:00:03]} d3 {[%emt 0:01:41]} 26. Qd2 {[%emt 0:01:00]} b6 {[%emt 0:05:46]} 27. h3 {[%emt 0:08:49]} Qd4 {[%emt 0:09:06]} 28. Rb1 {[%emt 0:02:27]} Be6 {[%emt 0:01:03]} 29. Bd1 {[%emt 0:01:26]} Rc8 {[%emt 0:01:29]} 30. Rb2 {[%emt 0:08:13]} h5 {[%emt 0:01:38]} 31. Kf1 {[%emt 0:02:46]} Bc4 {[%emt 0:01:12]} 32. Kg1 {[%emt 0:02:34]} Re8 {[%emt 0:01:10]} 33. Bf3 {[%emt 0:03:51]} Re6 {[%emt 0:03:07]} 34. Rb1 {[%emt 0:02:19]} Bd5 {[%emt 0:01:46]} 35. Bxd5 {[%emt 0:02:35]} Qxd5 {[%emt 0:02:17]} 36. Rb3 {[%emt 0:01:24]} Rd6 {[%emt 0:00:13]} 37. Rc3 {[%emt 0:01:49]} Qe4 {[%emt 0:00:47]} 38. Rb3 {[%emt 0:01:57]} Kh7 {[%emt 0:00:55]} 39. Rb4 {[%emt 0:00:26]} Qc6 {[%emt 0:00:43]} 40. Qf4 {[%emt 0:00:00]} Qd5 {[%emt 0:00:00]} 41. Rb5 {[%emt 0:11:21]} Qe6 {[%emt 0:03:07]} 42. Re5 {[%emt 0:00:42]} Qd7 {[%emt 0:01:34]} 43. Re1 {[%emt 0:02:10]} Rd4 {[%emt 0:01:07]} 44. Qf6 {[%emt 0:01:26]} d2 {[%emt 0:02:48]} 45. Rd1 {[%emt 0:00:15]} Rd6 {[%emt 0:01:51]} 46. Qf4 {[%emt 0:00:35]} Kg8 {[%emt 0:00:42]} 47. Kf1 {[%emt 0:02:58]} Rd4 {[%emt 0:01:08]} 48. Qb8+ {[%emt 0:00:44]} Kg7 {[%emt 0:02:57]} 49. Qxb6 {[%emt 0:00:23]} Qxa4 {[%emt 0:00:09]} 50. Qb3 {[%emt 0:00:24]} Qa6+ {[%emt 0:00:41]} 51. Kg1 {[%emt 0:00:07]} Qe2 {[%emt 0:00:50]} 52. Qf3 {[%emt 0:00:19]} Qe1+ {[%emt 0:01:54]} 53. Kh2 {[%emt 0:00:07]} Kg8 {[%emt 0:08:29]} 54. Qa8+ {[%emt 0:00:41]} Kh7 {[%emt 0:00:15]} 55. Qf3 {[%emt 0:00:12]} Rd7 {[%emt 0:00:33]} 56. a4 {[%emt 0:00:27]} Re7 {[%emt 0:01:42]} 57. a5 {[%emt 0:01:21]} Qe5+ {[%emt 0:07:43]} 58. Qg3 {[%emt 0:00:32]} Qxa5 {[%emt 0:02:06]} 59. Qd3 {[%emt 0:00:33]} Qc7+ {[%emt 0:00:04]} 60. g3 {[%emt 0:03:20]} Rd7 {[%emt 0:00:05]} 61. Qe3 {[%emt 0:02:13]} Qa5 {[%emt 0:00:48]} 62. Qe8 {[%emt 0:00:30]} Qd5 {[%emt 0:00:33]} 63. Qe3 {[%emt 0:00:57]} Rd6 {[%emt 0:01:00]} 64. h4 {[%emt 0:01:47]} Qa2 {[%emt 0:01:46]} 65. Qf4 {[%emt 0:00:36]} Rd7 {[%emt 0:00:10]} 66. Kg2 {[%emt 0:00:34]} Qc2 {[%emt 0:00:25]} 67. Qf3 {[%emt 0:00:08]} Re7 {[%emt 0:00:45]} 68. Kf1 {[%emt 0:02:20]} f5 {[%emt 0:00:52]} 69. Kg2 Re1 {[%emt 0:00:34]} 70. Qa8 {[%emt 0:01:21]} Qxd1 {[%emt 0:00:22]} 0-1